La guerre dans le monde grec : VIIIe-Ier siècles av. J.-C. (notice n° 2164540)

détails MARC
000 -LEADER
fixed length control field 01515cam a2200133 4500500
005 - DATE AND TIME OF LATEST TRANSACTION
control field 20260405040734.0
041 ## - LANGUAGE CODE
Language code of text/sound track or separate title fre
042 ## - AUTHENTICATION CODE
Authentication code dc
100 10 - MAIN ENTRY--PERSONAL NAME
Personal name Payen, Pascal
Relator term author
245 00 - TITLE STATEMENT
Title La guerre dans le monde grec : VIIIe-Ier siècles av. J.-C.
260 ## - PUBLICATION, DISTRIBUTION, ETC.
Name of publisher, distributor, etc. Armand Colin,<br/>
Date of publication, distribution, etc. 2018.<br/>
520 ## - SUMMARY, ETC.
Summary, etc. Contrairement à un lieu commun qui a longtemps prévalu, les Grecs des cités ne passaient pas leur temps à faire la guerre. Parce qu’elle met en jeu le sort de chaque individu et l’existence de la collectivité, la guerre n’est jamais une évidence.Les Grecs n’aimaient pas la guerre, mais ils avaient appris à s’y préparer, au sein de leurs assemblées, dans leur organisation sociale, par des choix concernant l’éducation, dans l’analyse historique et la réflexion philosophique. Sans cesse, les sociétés grecques soumettent la guerre à discussion et remettent en cause son prétendu caractère naturel. La guerre est une construction sociale, reposant sur des valeurs communes et délimitée par un cadre anthropologique. Elle comporte aussi une part d’ombre concernant les formes d’exercice de la violence, toujours organisée à défaut d’être supportable.À travers un ensemble de dossiers classiques et de questions nouvelles ou peu abordées, ce livre renouvelle le regard d’ensemble porté sur la guerre appréhendée comme phénomène culturel.
856 41 - ELECTRONIC LOCATION AND ACCESS
Uniform Resource Identifier <a href="https://shs.cairn.info/la-guerre-dans-le-monde-grec--9782200600297?lang=fr&redirect-ssocas=7080">https://shs.cairn.info/la-guerre-dans-le-monde-grec--9782200600297?lang=fr&redirect-ssocas=7080</a>

Pas d'exemplaire disponible.

PLUDOC

PLUDOC est la plateforme unique et centralisée de gestion des bibliothèques physiques et numériques de Guinée administré par le CEDUST. Elle est la plus grande base de données de ressources documentaires pour les Étudiants, Enseignants chercheurs et Chercheurs de Guinée.

Adresse

627 919 101/664 919 101

25 boulevard du commerce
Kaloum, Conakry, Guinée

Réseaux sociaux

Powered by Netsen Group @ 2025